Antennes locales de la radio Ici - Statistiques

Statistiques générales
  • Ce quiz a été pris 8 fois
  • Le résultat moyen est 15 sur 44
Statistiques - réponses
Antennes locales % Correct
Paris Île-de-France
100%
Alsace
71%
Nord
71%
Bourgogne
57%
Champagne-Ardenne
57%
Lorraine (Meurthe-et-Moselle et Vosges)
57%
Lorraine (Moselle et Pays Haut)
57%
Normandie (Calvados - Orne)
57%
Normandie (Seine-Maritime - Eure)
57%
Pays basque
57%
Pays de Savoie
57%
Picardie
57%
Provence
57%
RCFM
57%
Breizh Izel
43%
Orléans
43%
Pays d'Auvergne
43%
Poitou
43%
Roussillon
43%
Belfort-Montbéliard
29%
Drôme Ardèche
29%
Gard Lozère
29%
Gascogne
29%
Isère
29%
Limousin
29%
Loire Océan
29%
Saint-Étienne Loire
29%
Armorique
14%
Azur
14%
Béarn Bigorre
14%
Berry
14%
Besançon
14%
Gironde
14%
La Rochelle
14%
Maine
14%
Mayenne
14%
Occitanie
14%
Périgord
14%
Auxerre
0%
Cotentin
0%
Elsass
0%
Hérault
0%
Touraine
0%
Vaucluse
0%
Aucun quiz correspondant
Distribution des résultats
% des personnes avec chaque résultat
Percentile par nombre de réponses
Votre historique - résultats
Vous n’avez pas pris ce quiz